02691nam a2200301uu 4500001000800000005001700008007001000025008004100035035001200076040001300088041000800101080000900109100004200118245016100160260003900321300003600360520166800396650003302064650002902097650002902126650002102155700004102176700004602217700004502263856006102308502001202369526000802381157280920260508094516.0cr|||||||220628s2022 spa  a1572809 ccomduadb aspa aT/CD10aGalvis Herrera, Ana María4auteaut10aUso de juegos serios y realidad virtual en la evaluación de la memoria espacial para el diagnóstico temprano de Alzheimer : una revisión sistemática aMedellín :bAutores (as),c2022. a39 páginas :btablas, figuras3 aRESUMEN: En la última década, evidencia de múltiples investigaciones ha incitado la evaluación de la Memoria Espacial (ME) como marcador preclínico para la detección de la Enfermedad de Alzheimer (EA). La baja correlación de las pruebas neuropsicológicas de lápiz y papel con la ME en la vida cotidiana, y, dificultades en la evaluación de este proceso en entornos diferentes al investigativo, ha impulsado el desarrollo de instrumentos basados en tecnologías como la Realidad Virtual (RV) y los Juegos Serios (JS) para su evaluación. Dado el aumento de la producción científica en el campo y la falta de evidencia respecto a la calidad metodológica de los instrumentos desarrollados, en esta revisión sistemática se presenta la síntesis del análisis de la calidad metodológica de estos estudios. Para su evaluación se utilizó el Consensus-based Standards for de Selection on health Measurement Instruments (COSMIN). De acuerdo con los resultados, tanto en el desarrollo como en el análisis de las propiedades psicométricas de estos instrumentos, se presentan sesgos que limitan la posibilidad de recomendarlos como tecnologías válidas, confiables y aplicables a contextos poblacionales. Por lo anterior, se considera que la evaluación de la ME a través de herramientas tecnológicas como la RV y JS se encuentra en evolución y aún no está preparada para reemplazar las pruebas tradicionales en la evaluación de marcadores cognitivos de la EA, por lo que se recomienda, enfáticamente, el desarrollo de investigaciones posteriores que aporten nueva evidencia y suplan las limitaciones encontradas. 7aEnfermedad de Alzheimer2dcs aJuegos serios emergentes 7aRealidad virtual2armarc aMemoria espacial10aSánchez Trujillo, David 4auteaut10aTorres López, Laura Cristina 4auteaut10aSánchez Escudero, Juan Pablo4thseths4 uhttps://bibliotecadigital.udea.edu.co/handle/10495/30193 b105c12 a106